<?xml version="1.0" encoding="UTF-8"?>
<record
    xmlns:xsi="http://www.w3.org/2001/XMLSchema-instance"
    xsi:schemaLocation="http://www.loc.gov/MARC21/slim http://www.loc.gov/standards/marcxml/schema/MARC21slim.xsd"
    xmlns="http://www.loc.gov/MARC21/slim">

  <leader>00684nam a22001697a 4500</leader>
  <controlfield tag="008">120404s1984    ua|||||r|||| 000 0 ara d</controlfield>
  <datafield tag="020" ind1=" " ind2=" ">
    <subfield code="a">9771240544</subfield>
  </datafield>
  <datafield tag="082" ind1=" " ind2=" ">
    <subfield code="a">611.84</subfield>
    <subfield code="b">&#x645; &#x635; &#x637;</subfield>
  </datafield>
  <datafield tag="100" ind1=" " ind2=" ">
    <subfield code="9">29579</subfield>
    <subfield code="a">&#x645;&#x635;&#x637;&#x641;&#x649; &#x60C; &#x645;&#x62D;&#x645;&#x648;&#x62F; &#x635;&#x644;&#x627;&#x62D; &#x627;&#x644;&#x62F;&#x64A;&#x646;</subfield>
  </datafield>
  <datafield tag="245" ind1=" " ind2=" ">
    <subfield code="a">&#x623;&#x633;&#x631;&#x627;&#x631; &#x627;&#x644;&#x639;&#x64A;&#x648;&#x646; /</subfield>
    <subfield code="c">&#x645;&#x62D;&#x645;&#x648;&#x62F; &#x635;&#x644;&#x627;&#x62D; &#x627;&#x644;&#x62F;&#x64A;&#x646; &#x645;&#x635;&#x637;&#x641;&#x649;</subfield>
  </datafield>
  <datafield tag="260" ind1=" " ind2=" ">
    <subfield code="a">&#x627;&#x644;&#x642;&#x627;&#x647;&#x631;&#x629; :</subfield>
    <subfield code="b">&#x645;&#x624;&#x633;&#x633;&#x629; &#x623;&#x62E;&#x628;&#x627;&#x631; &#x627;&#x644;&#x64A;&#x648;&#x645; &#x60C;</subfield>
    <subfield code="c">[1984&#x61F;]</subfield>
  </datafield>
  <datafield tag="300" ind1=" " ind2=" ">
    <subfield code="a">156 &#x635; :</subfield>
    <subfield code="b">&#x623;&#x64A;&#x636; &#x61B;</subfield>
    <subfield code="c">15 &#x633;&#x645;</subfield>
  </datafield>
  <datafield tag="650" ind1=" " ind2=" ">
    <subfield code="9">29580</subfield>
    <subfield code="a">&#x627;&#x644;&#x639;&#x64A;&#x648;&#x646;</subfield>
  </datafield>
  <datafield tag="653" ind1=" " ind2=" ">
    <subfield code="b">General</subfield>
    <subfield code="c">April2012</subfield>
  </datafield>
  <datafield tag="942" ind1=" " ind2=" ">
    <subfield code="2">ddc</subfield>
    <subfield code="c">BB</subfield>
  </datafield>
  <datafield tag="999" ind1=" " ind2=" ">
    <subfield code="c">16632</subfield>
    <subfield code="d">16632</subfield>
  </datafield>
  <datafield tag="952" ind1=" " ind2=" ">
    <subfield code="0">0</subfield>
    <subfield code="1">0</subfield>
    <subfield code="2">ddc</subfield>
    <subfield code="3">Lost_In_Inventory_11-6-2024</subfield>
    <subfield code="4">0</subfield>
    <subfield code="7">0</subfield>
    <subfield code="8"> </subfield>
    <subfield code="a">MAIN</subfield>
    <subfield code="b">MAIN</subfield>
    <subfield code="c">1ST</subfield>
    <subfield code="d">2012-04-04</subfield>
    <subfield code="e">purchase</subfield>
    <subfield code="o">611.84 &#x645; &#x635; &#x637;</subfield>
    <subfield code="p">000025926</subfield>
    <subfield code="r">2025-07-15 00:00:00</subfield>
    <subfield code="s">2017-01-03</subfield>
    <subfield code="y">BB</subfield>
  </datafield>
</record>
